Detection of a low molecular weight viroid-like RNA in Hevea brasiliensis (Record no. 50743)

MARC details
000 -LEADER
fixed length control field 00720nam a2200241Ia 4500
100 ## - MAIN ENTRY--AUTHOR NAME
Personal name Ramachandran P
245 #0 - TITLE STATEMENT
Title Detection of a low molecular weight viroid-like RNA in Hevea brasiliensis
260 ## - PUBLICATION, DISTRIBUTION, ETC. (IMPRINT)
Name of publisher In: Tapping Panel Dryness of Rubber Trees (Eds.James Jacob; R Krishnakumar and N.M. Mathew) Rubber Research Institute of India, Kottayam, 2006, pp.183-188.
650 ## - SUBJECT ADDED ENTRY--TOPICAL TERM
Topical Term LMW-RNA
650 ## - SUBJECT ADDED ENTRY--TOPICAL TERM
Topical Term R-PAGE
650 ## - SUBJECT ADDED ENTRY--TOPICAL TERM
Topical Term TPD
650 ## - SUBJECT ADDED ENTRY--TOPICAL TERM
Topical Term Viroid
700 ## - ADDED ENTRY--PERSONAL NAME
Personal name Abraham T
700 ## - ADDED ENTRY--PERSONAL NAME
Personal name Ahlawat Y S
700 ## - ADDED ENTRY--PERSONAL NAME
Personal name Jacob C K
700 ## - ADDED ENTRY--PERSONAL NAME
Personal name Mathew J
700 ## - ADDED ENTRY--PERSONAL NAME
Personal name Mathew N M
700 ## - ADDED ENTRY--PERSONAL NAME
Personal name Philip S
700 ## - ADDED ENTRY--PERSONAL NAME
Personal name Sethuraj M R
700 ## - ADDED ENTRY--PERSONAL NAME
Personal name Varma A
942 ## - ADDED ENTRY ELEMENTS (KOHA)
Koha item type Bibliography STAF
Holdings
Withdrawn status Lost status Damaged status Not for loan Home library Current library Shelving location Date acquired Koha item type
      Bibliography RRII Library RRII Library Plant physiology 18/06/2007 Bibliography STAF